000 00327nam a22001337a 4500
020 _a978-1-84920-092-9
082 _a519.5
100 _aField, Andy
245 _aDiscovering Statistics Using SAS
260 _aLondon:
_bSAGE Publication,
_c2010
300 _axxxii, 719p.: ill.; 27cm
700 _aMiles, Jeremy
942 _cBK
999 _c22227
_d22227